00290nam a2200121Ia 4500008004100000100001400041245004200055260002600097300001000123650001300133942000700146999001500153190216s9999||||xx |||||||||||||| ||und|| aMohan P N 0aHand Book On Sales Tax Laws In Kerala bSwamy Law Housec2000 a1086p aCommerce cBK c5878d5878